<?xml version="1.0" encoding="UTF-8"?>
<record
    xmlns:xsi="http://www.w3.org/2001/XMLSchema-instance"
    xsi:schemaLocation="http://www.loc.gov/MARC21/slim http://www.loc.gov/standards/marcxml/schema/MARC21slim.xsd"
    xmlns="http://www.loc.gov/MARC21/slim">

  <leader>00757nam a2200181   4500</leader>
  <controlfield tag="008">250704e2003     spa|||f |||| 00| 0 spa d</controlfield>
  <datafield tag="020" ind1=" " ind2=" ">
    <subfield code="a">8448604695</subfield>
  </datafield>
  <datafield tag="041" ind1=" " ind2=" ">
    <subfield code="a">spa</subfield>
  </datafield>
  <datafield tag="092" ind1=" " ind2=" ">
    <subfield code="c">610.03</subfield>
    <subfield code="l">17</subfield>
    <subfield code="s">DOR</subfield>
  </datafield>
  <datafield tag="245" ind1=" " ind2=" ">
    <subfield code="a">Dorland /</subfield>
    <subfield code="b">Diccionario Enciclop&#xE9;dico Ilustrado de Medicina. </subfield>
    <subfield code="c">Newman W. Dorland</subfield>
  </datafield>
  <datafield tag="250" ind1=" " ind2=" ">
    <subfield code="a">26 ed. </subfield>
    <subfield code="b">Traducci&#xF3;n Dra Pilar Camps del Saz, Dra. M&#xAA;Jos&#xE9; Moreno Echanove y Dr. Marcos Peraza S&#xE1;nchez.</subfield>
  </datafield>
  <datafield tag="260" ind1=" " ind2=" ">
    <subfield code="a">Madrid;</subfield>
    <subfield code="b">McGraw-Hill Interamericana,</subfield>
    <subfield code="c">2003.</subfield>
  </datafield>
  <datafield tag="300" ind1=" " ind2=" ">
    <subfield code="a">873 p.</subfield>
  </datafield>
  <datafield tag="500" ind1=" " ind2=" ">
    <subfield code="a">Dorland, N. W. et al. (2003). Dorland. Diccionario Enciclop&#xE9;dico Ilustrado de Medicina. (26a ed.). Madrid : McGraw-Hill Interamericana.</subfield>
  </datafield>
  <datafield tag="590" ind1=" " ind2=" ">
    <subfield code="a">Donaci&#xF3;n, Dra Mar&#xED;a Paula Vitale, julio 2025.</subfield>
  </datafield>
  <datafield tag="653" ind1=" " ind2=" ">
    <subfield code="a">Diccionario.</subfield>
  </datafield>
  <datafield tag="942" ind1=" " ind2=" ">
    <subfield code="2">ddc</subfield>
    <subfield code="c">BK</subfield>
  </datafield>
  <datafield tag="999" ind1=" " ind2=" ">
    <subfield code="c">3274</subfield>
    <subfield code="d">3274</subfield>
  </datafield>
  <datafield tag="952" ind1=" " ind2=" ">
    <subfield code="0">0</subfield>
    <subfield code="1">0</subfield>
    <subfield code="2">ddc</subfield>
    <subfield code="4">0</subfield>
    <subfield code="7">0</subfield>
    <subfield code="a">BFM</subfield>
    <subfield code="b">BFM</subfield>
    <subfield code="c">CR</subfield>
    <subfield code="d">2025-07-04</subfield>
    <subfield code="e">Donaci&#xF3;n  Dra. Maria Paula Vitale.</subfield>
    <subfield code="l">0</subfield>
    <subfield code="o">610.03 17 DOR</subfield>
    <subfield code="p">5041</subfield>
    <subfield code="r">2025-07-04</subfield>
    <subfield code="t">Ej 3</subfield>
    <subfield code="w">2025-07-04</subfield>
    <subfield code="y">BK</subfield>
    <subfield code="z">Donaci&#xF3;n Dra. Maria Paula Vitale, julio 2025.</subfield>
    <subfield code="f"></subfield>
  </datafield>
</record>
